header

Promoting safety of medicines for children (Record no. 128144)

MARC details
000 -LEADER
fixed length control field 01408nam a2200313 a 4500
245 00 - TITLE STATEMENT
Title Promoting safety of medicines for children
260 ## - PUBLICATION, DISTRIBUTION, ETC. (IMPRINT)
Place of publication Geneva :
Name of publisher World Health Organization,
Year of publication 2007.
300 ## - PHYSICAL DESCRIPTION
Number of Pages 59 p.
505 0# - FORMATTED CONTENTS NOTE
Formatted contents note Introduction -- Current situation -- The essential role of safety monitoring in the life-cycle of a medicine -- Medication errors -- Primary responsibility of stakeholders -- Guidance : measures to be taken -- Measures to be taken by WHO.
650 #0 - SUBJECT ADDED ENTRY--TOPICAL TERM
Topical Term Drugs
Topical Term Drugs
Topical Term Drug monitoring.
Topical Term Pediatric pharmacology.
856 40 - ELECTRONIC LOCATION AND ACCESS
Uniform Resource Identifier http://site.ebrary.com/lib/rucke/Doc?id=10214534

No items available.

© 2026 Rongo University
Contact us: librarian | system librarian | Rongo university